[Event "HUN-chT2 Breyer 1819"]
[Site "Hungary"]
[Date "2019.04.28"]
[Round "9.1"]
[White "Kertesz, Zsolt"]
[Black "Berek, Geza"]
[Result "1-0"]
[WhiteElo "2034"]
[BlackElo "2220"]
[PlyCount "77"]
[EventDate "2018.10.28"]
[EventType "team-tourn"]
[EventRounds "9"]
[EventCountry "HUN"]
[SourceTitle "EXT 2021"]
[Source "ChessBase"]
[SourceDate "2020.10.23"]
[SourceVersion "1"]
[SourceVersionDate "2020.10.23"]
[SourceQuality "1"]
[WhiteTeam "Budapest HASE"]
[BlackTeam "Nyergesujfalu"]
[WhiteTeamCountry "HUN"]
[BlackTeamCountry "HUN"]

1. e4 g6 2. d4 Bg7 3. Nf3 d6 4. c3 Nf6 5. Bd3 0-0 6. 0-0 Nc6 7. Re1 e5 8. h3 h6 9. Nbd2 Nh5 10. d5 Ne7 11. Nc4 Nf4 12. Bxf4 exf4 13. Bc2 g5 14. Nd4 c6 15. Qd3 Bxd4 16. Qxd4 cxd5 17. exd5 Nf5 18. Qd3 Qf6 19. g4 fxg3 20. fxg3 Rd8 21. Rf1 Qg7 22. Rxf5 Bxf5 23. Qxf5 b5 24. Ne3 h5 25. Qd3 Re8 26. Rf1 Re5 27. Nf5 Qg6 28. Qxb5 Qf6 29. Qc6 Rae8 30. Qxd6 Qxd6 31. Nxd6 Rb8 32. Nxf7 Rxd5 33. Bb3 Rd2 34. Nxg5+ Kg7 35. Rf2 Rd3 36. Kg2 Re8 37. Ne6+ Kh8 38. Nf4 Rde3 39. Nxh5 1-0

[Event "HUN-chT2 Breyer 1819"]
[Site "Hungary"]
[Date "2019.03.31"]
[Round "8.7"]
[White "Imre, Jozsef"]
[Black "Kertesz, Zsolt"]
[Result "1/2-1/2"]
[WhiteElo "2037"]
[BlackElo "2034"]
[PlyCount "100"]
[EventDate "2018.10.28"]
[EventType "team-tourn"]
[EventRounds "9"]
[EventCountry "HUN"]
[SourceTitle "EXT 2021"]
[Source "ChessBase"]
[SourceDate "2020.10.23"]
[SourceVersion "1"]
[SourceVersionDate "2020.10.23"]
[SourceQuality "1"]
[WhiteTeam "Vizugy"]
[BlackTeam "Budapest HASE"]
[WhiteTeamCountry "HUN"]
[BlackTeamCountry "HUN"]

1. e4 e6 2. d4 d5 3. Nd2 Be7 4. Bd3 c5 5. dxc5 Nf6 6. Qe2 0-0 7. Ngf3 a5 8. 0-0 Na6 9. e5 Nd7 10. c3 Naxc5 11. Bc2 b6 12. Re1 Ba6 13. Qe3 Rc8 14. Nd4 a4 15. b4 axb3 16. axb3 Nb8 17. Qh3 g6 18. b4 Ncd7 19. f4 Qc7 20. Re3 Rfe8 21. b5 Bc5 22. N2b3 Bb7 23. Bb2 Nf8 24. Nxc5 bxc5 25. Nb3 Nbd7 26. Na5 d4 27. cxd4 cxd4 28. Re2 Qb6 29. Qd3 Nc5 30. Bxd4 Qxa5 31. Rxa5 Nxd3 32. Bxd3 Red8 33. Ra4 Nd7 34. Rc2 Nc5 35. Rxc5 Rxc5 36. Bxc5 Rxd3 37. Rd4 Rxd4 38. Bxd4 Kf8 39. Kf2 Bd5 40. g3 h5 41. Ke3 Ke8 42. Kd3 Kd7 43. Bb6 Bg2 44. Kd4 Bf1 45. Kc5 Bg2 46. Ba5 Bf1 47. Bb4 Bg2 48. Kb6 Bf3 49. Ka7 Kc8 50. b6 Bg2 1/2-1/2

[Event "HUN-chT2 Breyer 1819"]
[Site "Hungary"]
[Date "2019.02.24"]
[Round "6.5"]
[White "Malomsoki, Laszlo"]
[Black "Kertesz, Zsolt"]
[Result "0-1"]
[WhiteElo "1734"]
[BlackElo "2034"]
[PlyCount "120"]
[EventDate "2018.10.28"]
[EventType "team-tourn"]
[EventRounds "9"]
[EventCountry "HUN"]
[SourceTitle "CBM 189 Extra"]
[Source "ChessBase"]
[SourceDate "2019.06.03"]
[SourceVersion "1"]
[SourceVersionDate "2019.06.03"]
[SourceQuality "1"]
[WhiteTeam "Kisber Aszar"]
[BlackTeam "Budapest HASE"]
[WhiteTeamCountry "HUN"]
[BlackTeamCountry "HUN"]

1. d4 g6 2. e3 Bg7 3. c4 c5 4. Nc3 Nf6 5. Nf3 0-0 6. Be2 cxd4 7. exd4 d5 8. 0-0 Nc6 9. h3 Bf5 10. a3 dxc4 11. Bxc4 Rc8 12. Ba2 Ne4 13. Be3 Nxc3 14. bxc3 Na5 15. Rc1 Nc4 16. Qa4 Nxe3 17. fxe3 Bh6 18. Rfe1 Qb6 19. Qb4 Qc7 20. Kf2 Be4 21. d5 Bxf3 22. Kxf3 Qe5 23. Qd4 Qd6 24. Qb4 Qf6+ 25. Ke2 b6 26. Rf1 Qe5 27. Rf3 Bg7 28. Kd2 a5 29. Qb3 Qh2 30. Rf2 Qg3 31. Ke2 Qd6 32. c4 b5 33. Qd3 bxc4 34. Bxc4 Rb8 35. Rc2 Qh2 36. Qe4 Qd6 37. Qd3 Qh2 38. Qe4 Qd6 39. Qd3 Qe5 40. g4 Rb1 41. Ra2 Rfb8 42. Rc2 Qd6 43. Qe4 Bf6 44. Qf3 R8b2 45. Rxb2 Rxb2+ 46. Kf1 Rxf2+ 47. Qxf2 Qxa3 48. Ba2 Qd3+ 49. Kg2 Qe4+ 50. Qf3 Qa4 51. Qf2 Qb4 52. Qc2 Qb6 53. Kf3 Bg5 54. Qe2 Qd6 55. Kg2 Qe5 56. Kf3 Kg7 57. Qd2 a4 58. Qd3 Qh2 59. Qe2 Qxh3+ 60. Ke4 Qh1+ 0-1

[Event "HUN-chT2 Charousek 1819"]
[Site "Hungary"]
[Date "2019.02.10"]
[Round "7.12"]
[White "Kertesz, Zsolt"]
[Black "Palla, Gyorgy"]
[Result "1-0"]
[WhiteElo "2034"]
[BlackElo "1977"]
[PlyCount "59"]
[EventDate "2018.09.23"]
[EventType "team-tourn"]
[EventRounds "11"]
[EventCountry "HUN"]
[SourceTitle "CBM 189 Extra"]
[Source "ChessBase"]
[SourceDate "2019.06.03"]
[SourceVersion "1"]
[SourceVersionDate "2019.06.03"]
[SourceQuality "1"]
[WhiteTeam "Budapest HASE"]
[BlackTeam "Balatonfuered"]
[WhiteTeamCountry "HUN"]
[BlackTeamCountry "HUN"]

1. e4 c5 2. Nf3 d6 3. Bb5+ Bd7 4. Bxd7+ Qxd7 5. 0-0 Nc6 6. c3 d5 7. exd5 Qxd5 8. d4 e6 9. Qe2 Nf6 10. Be3 cxd4 11. cxd4 Qh5 12. Nc3 Be7 13. Rfe1 0-0 14. Rad1 Rfd8 15. a3 a6 16. h3 b5 17. Qf1 Nd5 18. Ne4 Na5 19. Bc1 Nc4 20. b3 Na5 21. g4 Qg6 22. Ne5 Qxe4 23. Rxe4 Nc3 24. Ree1 Nxb3 25. Rd3 Rac8 26. Bb2 b4 27. axb4 Bxb4 28. Bxc3 Bxc3 29. Ree3 Nd2 30. Qe2 1-0

[Event "Zalakaros op 37th"]
[Site "Zalakaros"]
[Date "2018.05.29"]
[Round "5"]
[White "Kertesz, Zsolt"]
[Black "Hrbolka, Ladislav"]
[Result "1/2-1/2"]
[WhiteElo "1879"]
[BlackElo "2089"]
[PlyCount "55"]
[EventDate "2018.05.25"]
[EventType "swiss"]
[EventRounds "9"]
[EventCountry "HUN"]
[SourceTitle "EXT 2019"]
[Source "ChessBase"]
[SourceDate "2018.10.10"]
[SourceVersion "1"]
[SourceVersionDate "2018.10.10"]
[SourceQuality "1"]

1. d4 d5 2. Nf3 c6 3. e3 e6 4. Bd3 f5 5. b3 Bd6 6. 0-0 Qe7 7. Bb2 Nf6 8. Qc1 0-0 9. Ba3 b6 10. Bxd6 Qxd6 11. Ne5 Nbd7 12. f4 Bb7 13. Nd2 c5 14. c3 Rfc8 15. Qb2 Qe7 16. Ndf3 Nf8 17. Rac1 Rc7 18. Rf2 Ne4 19. Rfc2 Rac8 20. Qb1 h6 21. h4 Qf6 22. Kh2 c4 23. Be2 g5 24. g3 cxb3 25. axb3 Qg7 26. Nd2 Nf6 27. Rg1 g4 28. Rgc1 1/2-1/2

[Event "HUN-chT2 Breyer 1718"]
[Site "Hungary"]
[Date "2018.03.25"]
[Round "10.5"]
[White "Kertesz, Zsolt"]
[Black "Ikanov, Imre"]
[Result "1/2-1/2"]
[WhiteElo "2050"]
[BlackElo "2005"]
[PlyCount "56"]
[EventDate "2017.09.24"]
[EventType "team-tourn"]
[EventRounds "11"]
[EventCountry "HUN"]
[SourceTitle "EXT 2021"]
[Source "ChessBase"]
[SourceDate "2020.10.23"]
[SourceVersion "1"]
[SourceVersionDate "2020.10.23"]
[SourceQuality "1"]
[WhiteTeam "Budapest HASE"]
[BlackTeam "Nyergesujfalu"]
[WhiteTeamCountry "HUN"]
[BlackTeamCountry "HUN"]

1. d4 Nf6 2. Nf3 g6 3. Bg5 Bg7 4. Nbd2 0-0 5. e4 d6 6. c3 c6 7. Bd3 Re8 8. 0-0 e5 9. Re1 Nbd7 10. Bf1 Qc7 11. Qc2 Nf8 12. dxe5 dxe5 13. h3 Be6 14. Nc4 N8d7 15. Rad1 b5 16. Ncd2 Nb6 17. c4 a6 18. a3 Rac8 19. Be3 Nbd7 20. b4 Qb7 21. Nb3 bxc4 22. Na5 Qc7 23. Nxc4 Bxc4 24. Bxc4 a5 25. Qb3 Re7 26. Ng5 Rf8 27. Bc5 Nxc5 28. bxc5 Qc8 1/2-1/2

[Event "Budapest-chT1 Lilienthal 1718"]
[Site "Budapest"]
[Date "2018.02.25"]
[Round "10"]
[White "Szavin, Mark Laszlo"]
[Black "Kertesz, Zsolt"]
[Result "1-0"]
[WhiteElo "1899"]
[BlackElo "2050"]
[PlyCount "65"]
[EventDate "2017.10.01"]
[EventType "team-tourn"]
[EventRounds "13"]
[EventCountry "HUN"]
[SourceTitle "EXT 2021"]
[Source "ChessBase"]
[SourceDate "2020.10.23"]
[SourceVersion "1"]
[SourceVersionDate "2020.10.23"]
[SourceQuality "1"]
[WhiteTeam "Palota Sakk"]
[BlackTeam "Fabulon"]
[WhiteTeamCountry "HUN"]
[BlackTeamCountry "HUN"]

1. e4 e6 2. d4 d5 3. Nd2 Nf6 4. e5 Nfd7 5. c3 c5 6. Bd3 Nc6 7. Ne2 Qb6 8. 0-0 cxd4 9. cxd4 f6 10. Nf4 Nxd4 11. Qh5+ Kd8 12. Ng6 Nxe5 13. Nxh8 Nxd3 14. Nb3 g6 15. Qxh7 Ne2+ 16. Kh1 Qxf2 17. Be3 Qxe3 18. Nf7+ Ke8 19. Rf3 Nf2+ 20. Rxf2 Qxf2 21. Nh8 Bd6 22. Nxg6 Nf4 23. Qh8+ Kd7 24. Qg7+ Kc6 25. Rc1+ Kb6 26. Nxf4 Qxf4 27. g3 Qf3+ 28. Kg1 Qe3+ 29. Kh1 Qf2 30. Qh8 Qf3+ 31. Kg1 Qe3+ 32. Kh1 Qf2 33. Qd8+ 1-0

[Event "Budapest-chT1 Lilienthal 1718"]
[Site "Budapest"]
[Date "2018.01.14"]
[Round "6"]
[White "Kovacsy, Barnabas"]
[Black "Kertesz, Zsolt"]
[Result "1-0"]
[WhiteElo "2105"]
[BlackElo "2050"]
[PlyCount "97"]
[EventDate "2017.10.01"]
[EventType "team-tourn"]
[EventRounds "13"]
[EventCountry "HUN"]
[SourceTitle "EXT 2021"]
[Source "ChessBase"]
[SourceDate "2020.10.23"]
[SourceVersion "1"]
[SourceVersionDate "2020.10.23"]
[SourceQuality "1"]
[WhiteTeam "Budapest MTK III"]
[BlackTeam "Fabulon"]
[WhiteTeamCountry "HUN"]
[BlackTeamCountry "HUN"]

1. e4 e6 2. d4 d5 3. Nc3 Nf6 4. e5 Nfd7 5. f4 c5 6. Nf3 Nc6 7. Be3 Be7 8. Be2 0-0 9. Qd2 a6 10. 0-0 b5 11. Nd1 cxd4 12. Nxd4 Nxd4 13. Bxd4 Bc5 14. c3 f6 15. Bg4 Qe7 16. Ne3 f5 17. Bf3 Nb6 18. b3 Bd7 19. Rac1 Rac8 20. Nc2 Rc7 21. Nb4 Bc8 22. Nd3 Nd7 23. Qe3 Bb7 24. g4 g6 25. gxf5 gxf5 26. Kh1 Kh8 27. Rg1 Rfc8 28. Nxc5 Nxc5 29. Rg5 Ne4 30. Bxe4 dxe4 31. Rcg1 b4 32. c4 Rd7 33. Rd1 Rcd8 34. Kg1 Rg8 35. Rxg8+ Kxg8 36. Kf2 Qd8 37. Rg1+ Rg7 38. Rxg7+ Kxg7 39. Qg3+ Kh8 40. Ke3 a5 41. h4 Bc6 42. Qg5 Qd7 43. h5 a4 44. h6 axb3 45. axb3 Bb7 46. Qf6+ Kg8 47. Ke2 Bc6 48. Ke1 Bb7 49. Bc5 1-0

[Event "HUN-chT2 Breyer 1718"]
[Site "Hungary"]
[Date "2017.10.08"]
[Round "2.8"]
[White "Kertesz, Zsolt"]
[Black "Farkas, Laszlo2222"]
[Result "1-0"]
[WhiteElo "2050"]
[BlackElo "1791"]
[PlyCount "93"]
[EventDate "2017.09.24"]
[EventType "team-tourn"]
[EventRounds "11"]
[EventCountry "HUN"]
[SourceTitle "EXT 2021"]
[Source "ChessBase"]
[SourceDate "2020.10.23"]
[SourceVersion "1"]
[SourceVersionDate "2020.10.23"]
[SourceQuality "1"]
[WhiteTeam "Budapest HASE"]
[BlackTeam "Paty"]
[WhiteTeamCountry "HUN"]
[BlackTeamCountry "HUN"]

1. e4 c6 2. d4 d5 3. e5 Bf5 4. Nf3 h6 5. Be2 e6 6. 0-0 Be7 7. Nbd2 Nd7 8. Nb3 b6 9. Be3 Qc8 10. c4 dxc4 11. Bxc4 b5 12. Be2 a5 13. a4 b4 14. Nbd2 Qb7 15. Rc1 Nb6 16. Rxc6 Rc8 17. Rxc8+ Qxc8 18. Qc1 Bd8 19. Qxc8 Nxc8 20. Rc1 Nge7 21. Bb5+ Kf8 22. Nc4 Be4 23. Nd6 Bxf3 24. gxf3 Na7 25. Be8 f6 26. Bd7 Nd5 27. Bxe6 Nxe3 28. fxe3 Ke7 29. Bh3 fxe5 30. dxe5 Bb6 31. Kf2 Rf8 32. Nf5+ Kf7 33. Nd4 Rd8 34. Ke2 Kg8 35. f4 Re8 36. Kd3 Re7 37. Ke4 Kf7 38. Nf5 Rc7 39. Rxc7+ Bxc7 40. Kd5 Bb6 41. e4 Bg1 42. e6+ Kf8 43. e7+ Kf7 44. Kd6 Nc8+ 45. Kd7 Nxe7 46. Nxe7 Bxh2 47. Be6+ 1-0

[Event "HUN-chT2 Breyer 1718"]
[Site "Hungary"]
[Date "2017.09.24"]
[Round "1.11"]
[White "Kertesz, Zsolt"]
[Black "Forgacs, Andras"]
[Result "1/2-1/2"]
[WhiteElo "2050"]
[BlackElo "1697"]
[PlyCount "86"]
[EventDate "2017.09.24"]
[EventType "team-tourn"]
[EventRounds "11"]
[EventCountry "HUN"]
[SourceTitle "EXT 2021"]
[Source "ChessBase"]
[SourceDate "2020.10.23"]
[SourceVersion "1"]
[SourceVersionDate "2020.10.23"]
[SourceQuality "1"]
[WhiteTeam "Budapest HASE"]
[BlackTeam "Biatorbagy"]
[WhiteTeamCountry "HUN"]
[BlackTeamCountry "HUN"]

1. e4 c6 2. d4 d5 3. exd5 cxd5 4. Bd3 Nc6 5. c3 e5 6. dxe5 Nxe5 7. Qe2 Qe7 8. Bb5+ Nc6 9. Bf4 Bg4 10. Qxe7+ Bxe7 11. h3 Bf5 12. Nf3 0-0-0 13. 0-0 Bd6 14. Bxd6 Rxd6 15. Re1 Nge7 16. Nbd2 a6 17. Bf1 Be6 18. Nb3 Ng6 19. Rad1 Rhd8 20. Nbd4 Nxd4 21. Rxd4 h6 22. Red1 Kc7 23. g3 Ne7 24. R4d2 Nc6 25. Nd4 Nxd4 26. Rxd4 h5 27. Bg2 b6 28. f4 g6 29. Kf2 b5 30. R1d2 Kb6 31. a4 bxa4 32. Rxa4 Bd7 33. Rb4+ Bb5 34. Bf1 Kc5 35. Bxb5 axb5 36. Rbd4 Rb8 37. Re2 Re6 38. Rxe6 fxe6 39. Ke3 Ra8 40. b4+ Kd6 41. Rd2 Ra3 42. Kd4 Ra1 43. Re2 Rd1+ 1/2-1/2

[Event "HUN-chT2 Erkel 1617"]
[Site "Hungary"]
[Date "2017.02.26"]
[Round "9.8"]
[White "Barta, Zoltan"]
[Black "Kertesz, Zsolt"]
[Result "1/2-1/2"]
[WhiteElo "1965"]
[BlackElo "2056"]
[PlyCount "205"]
[EventDate "2016.09.25"]
[EventType "team-tourn"]
[EventRounds "11"]
[EventCountry "HUN"]
[SourceTitle "EXT 2021"]
[Source "ChessBase"]
[SourceDate "2020.10.23"]
[SourceVersion "1"]
[SourceVersionDate "2020.10.23"]
[SourceQuality "1"]
[WhiteTeam "Andornaktalya"]
[BlackTeam "Budapest MAFC"]
[WhiteTeamCountry "HUN"]
[BlackTeamCountry "HUN"]

1. d4 Nf6 2. Nf3 g6 3. b3 Bg7 4. Bb2 0-0 5. g3 c5 6. e3 cxd4 7. exd4 d6 8. Bg2 Nc6 9. 0-0 Bf5 10. a3 Rc8 11. Nbd2 Ne4 12. Re1 Nxd2 13. Qxd2 d5 14. Rac1 Be4 15. Nh4 Bxg2 16. Nxg2 Qd6 17. f4 e6 18. Ne3 h5 19. Ng2 Ne7 20. Nh4 Rc7 21. c3 Qb6 22. b4 Rfc8 23. Qd3 Bf6 24. Nf3 Nf5 25. Kg2 Nd6 26. Nd2 Qb5 27. Qf3 Nf5 28. Rcd1 Qa4 29. Qd3 Kg7 30. h3 Rh8 31. Rh1 h4 32. g4 Ng3 33. Rhe1 Qc6 34. Nf1 Ne4 35. Nd2 Nd6 36. Kh2 Rhc8 37. Ra1 Be7 38. a4 Nc4 39. Nxc4 Qxc4 40. Qxc4 Rxc4 41. a5 Bd6 42. Kg1 Bxf4 43. Rad1 b5 44. Re2 R4c6 45. Rf1 g5 46. Kg2 Kg6 47. Rfe1 Bg3 48. Rf1 Rf8 49. Rf3 Bf4 50. Rd3 f5 51. Rf3 fxg4 52. hxg4 Rf7 53. Ref2 Rcc7 54. Re2 Rce7 55. Rf1 Rf6 56. Bc1 Bxc1 57. Rxc1 Rf4 58. Kh3 Rf3+ 59. Kh2 Kf6 60. Rcc2 Rc7 61. Rf2 Rxf2+ 62. Rxf2+ Ke7 63. Rf3 Kd6 64. Kg2 a6 65. Kf2 Rh7 66. Kg2 Ke7 67. Re3 Rf7 68. Re5 Kf6 69. Re3 Ke7 70. Re5 Kf6 71. Re3 Rh7 72. Kh3 Re7 73. Re5 Rc7 74. Re3 Ke7 75. Kg2 Kd6 76. Rf3 Ke7 77. Re3 Rc8 78. Kh3 Rf8 79. Rd3 Rf4 80. Re3 Rf1 81. Kg2 Rf4 82. Kh3 Kd6 83. Rd3 e5 84. dxe5+ Kxe5 85. Re3+ Kd6 86. Rd3 d4 87. cxd4 Kd5 88. Rc3 Kxd4 89. Rc5 Rf3+ 90. Kh2 Rb3 91. Rxg5 Rxb4 92. Rg6 Ra4 93. Rxa6 b4 94. g5 Ra3 95. Rh6 Rxa5 96. Rxh4+ Kc3 97. Rg4 b3 98. g6 b2 99. Rg3+ Kd4 100. Rb3 Rh5+ 101. Kg2 Rg5+ 102. Kf2 Rxg6 103. Rxb2 1/2-1/2

[Event "HUN-chT2 Erkel 1516"]
[Site "Hungary"]
[Date "2016.04.17"]
[Round "11.7"]
[White "Banhazi, Istvan"]
[Black "Kertesz, Zsolt"]
[Result "1/2-1/2"]
[WhiteElo "2048"]
[BlackElo "2051"]
[PlyCount "32"]
[EventDate "2015.09.13"]
[EventType "team-tourn"]
[EventRounds "11"]
[EventCountry "HUN"]
[SourceTitle "EXT 2017"]
[Source "ChessBase"]
[SourceDate "2016.10.25"]
[SourceVersion "1"]
[SourceVersionDate "2016.10.25"]
[SourceQuality "1"]
[WhiteTeam "MAFC"]
[BlackTeam "HASE"]
[WhiteTeamCountry "HUN"]
[BlackTeamCountry "HUN"]

1. d4 Nf6 2. c4 c5 3. d5 b5 4. cxb5 a6 5. e3 g6 6. Nc3 Bg7 7. Nf3 0-0 8. Be2 axb5 9. Bxb5 Ba6 10. a4 d6 11. 0-0 Ne4 12. Bd2 Nxd2 13. Nxd2 Nd7 14. Qc2 Bxb5 15. Nxb5 Nb6 16. e4 Qd7 1/2-1/2

[Event "HUN-chT2 Erkel 1516"]
[Site "Hungary"]
[Date "2016.02.14"]
[Round "7.5"]
[White "Kertesz, Zsolt"]
[Black "Lenko, Csaba"]
[Result "1/2-1/2"]
[WhiteElo "2095"]
[BlackElo "1950"]
[PlyCount "30"]
[EventDate "2015.09.13"]
[EventType "team-tourn"]
[EventRounds "11"]
[EventCountry "HUN"]
[SourceTitle "EXT 2017"]
[Source "ChessBase"]
[SourceDate "2016.10.25"]
[SourceVersion "1"]
[SourceVersionDate "2016.10.25"]
[SourceQuality "1"]
[WhiteTeam "HASE"]
[BlackTeam "Salgotarjan"]
[WhiteTeamCountry "HUN"]
[BlackTeamCountry "HUN"]

1. d4 Nf6 2. Nf3 g6 3. Bg5 Bg7 4. Nbd2 d5 5. e3 0-0 6. Bd3 Nbd7 7. 0-0 c5 8. c3 Re8 9. h3 Qb6 10. Rb1 e5 11. dxe5 Nxe5 12. Nxe5 Rxe5 13. Nf3 Re8 14. Qa4 Bd7 15. Qh4 Ne4 1/2-1/2

[Event "HUN-chT2 Szechenyi 1516"]
[Site "Hungary"]
[Date "2015.12.06"]
[Round "6.8"]
[White "Kertesz, Zsolt"]
[Black "Fekete, Laszlo"]
[Result "0-1"]
[WhiteElo "1791"]
[BlackElo "1794"]
[PlyCount "120"]
[EventDate "2015.09.13"]
[EventType "team-tourn"]
[EventRounds "11"]
[EventCountry "HUN"]
[SourceTitle "CBM 170 Extra"]
[Source "ChessBase"]
[SourceDate "2016.02.25"]
[SourceVersion "1"]
[SourceVersionDate "2016.02.25"]
[SourceQuality "1"]
[WhiteTeam "Csuti Baki Agrocentrum"]
[BlackTeam "Szechenyi ESE"]
[WhiteTeamCountry "HUN"]
[BlackTeamCountry "HUN"]

1. d4 e6 2. Nf3 b6 3. c4 Bb7 4. Nc3 Bb4 5. e3 Nf6 6. Bd3 Ne4 7. Qc2 f5 8. 0-0 Bxc3 9. bxc3 0-0 10. Nd2 Nxd2 11. Bxd2 Qg5 12. e4 Qg6 13. f3 Nc6 14. Rae1 Rae8 15. exf5 exf5 16. Rxe8 Rxe8 17. Bxf5 Qh5 18. Bxd7 Re2 19. Re1 Nxd4 20. Rxe2 Nxc2 21. Bf4 Qc5+ 22. Kf1 Ba6 23. Be6+ Kf8 24. Re4 Na3 25. Re5 Bxc4+ 26. Ke1 Qg1+ 27. Kd2 Bxe6 28. Rxe6 Qxg2+ 29. Re2 Nc4+ 30. Kd3 Qxf3+ 31. Be3 Nd6 32. Rf2 Qxf2 33. Bxf2 Kf7 34. Kd4 Ke6 35. a4 h5 36. c4 c5+ 37. Kd3 g5 38. h3 Kf5 39. Bg3 Nc8 40. Bb8 h4 41. Ke3 g4 42. hxg4+ Kxg4 43. Ke4 h3 44. Ke3 Ne7 45. Kf2 Nc6 46. Bc7 Na5 47. Bb8 a6 48. Ba7 Nxc4 49. Kf1 Ne3+ 50. Kg1 Nd5 51. a5 bxa5 52. Bxc5 a4 53. Bd6 Ne3 54. Be5 a3 55. Bd4 Nc2 56. Bc3 a2 57. Ba1 Nxa1 58. Kh1 Nc2 59. Kh2 Ne1 60. Kh1 a1Q 0-1

[Event "HUN-chT2 Erkel 1516"]
[Site "Hungary"]
[Date "2015.12.06"]
[Round "6.8"]
[White "Kertesz, Zsolt"]
[Black "Geher, Jozsef"]
[Result "1/2-1/2"]
[WhiteElo "2105"]
[BlackElo "1896"]
[PlyCount "48"]
[EventDate "2015.09.13"]
[EventType "team-tourn"]
[EventRounds "11"]
[EventCountry "HUN"]
[SourceTitle "CBM 170 Extra"]
[Source "ChessBase"]
[SourceDate "2016.02.25"]
[SourceVersion "1"]
[SourceVersionDate "2016.02.25"]
[SourceQuality "1"]
[WhiteTeam "HASE"]
[BlackTeam "Budapest MTK II"]
[WhiteTeamCountry "HUN"]
[BlackTeamCountry "HUN"]

1. e4 d6 2. d4 Nf6 3. Nc3 g6 4. Bg5 Bg7 5. Qd2 c6 6. Bd3 Qb6 7. Nge2 Qxb2 8. Rb1 Qa3 9. 0-0 Qa5 10. f4 0-0 11. f5 Qc7 12. Rf3 e5 13. dxe5 dxe5 14. Rbf1 Ne8 15. f6 Bh8 16. Bh6 Nd7 17. Bxf8 Kxf8 18. Qh6+ Kg8 19. Bc4 Ndxf6 20. Qg5 Qd6 21. Bb3 Bg4 22. R3f2 Bxe2 23. Rxe2 Qd4+ 24. Qe3 Rd8 1/2-1/2

[Event "HUN-chT2 Erkel 1516"]
[Site "Hungary"]
[Date "2015.11.29"]
[Round "5.7"]
[White "Kertesz, Zsolt"]
[Black "Molnar, Jozsef"]
[Result "1-0"]
[WhiteElo "2098"]
[BlackElo "2135"]
[PlyCount "85"]
[EventDate "2015.09.13"]
[EventType "team-tourn"]
[EventRounds "11"]
[EventCountry "HUN"]
[SourceTitle "CBM 170 Extra"]
[Source "ChessBase"]
[SourceDate "2016.02.25"]
[SourceVersion "1"]
[SourceVersionDate "2016.02.25"]
[SourceQuality "1"]
[WhiteTeam "HASE"]
[BlackTeam "Barcza BEAC"]
[WhiteTeamCountry "HUN"]
[BlackTeamCountry "HUN"]

1. e4 e5 2. Nf3 Nc6 3. Bb5 f5 4. d3 fxe4 5. dxe4 Nf6 6. Nc3 d6 7. Bg5 Be7 8. Bxf6 Bxf6 9. Bc4 Bg4 10. Nd5 Nd4 11. c3 Nxf3+ 12. gxf3 Bh5 13. Ne3 Qd7 14. Qb3 c6 15. Be6 Qc7 16. Ke2 Rf8 17. Nf5 Bd8 18. Rad1 Bxf3+ 19. Kxf3 g6 20. Ke2 gxf5 21. Bxf5 Qe7 22. Rhg1 Bb6 23. Rg3 d5 24. Rdg1 Rxf5 25. exf5 0-0-0 26. Rg8 Qf7 27. Rxd8+ Bxd8 28. Qa4 e4 29. Qxa7 Kc7 30. Qe3 Qxf5 31. Rg7+ Kd6 32. Qg3+ Kc5 33. Rxb7 Bg5 34. h4 Bf4 35. Qg7 Be5 36. Qe7+ Bd6 37. b4+ Kc4 38. Qxd6 Qf3+ 39. Kf1 Qh1+ 40. Ke2 Qf3+ 41. Ke1 Qh1+ 42. Kd2 e3+ 43. Ke2 1-0

[Event "HUN-chT2 Szechenyi 1516"]
[Site "Hungary"]
[Date "2015.11.29"]
[Round "5.8"]
[White "Metal, Imre"]
[Black "Kertesz, Zsolt"]
[Result "0-1"]
[WhiteElo "1798"]
[BlackElo "1785"]
[PlyCount "72"]
[EventDate "2015.09.13"]
[EventType "team-tourn"]
[EventRounds "11"]
[EventCountry "HUN"]
[SourceTitle "CBM 170 Extra"]
[Source "ChessBase"]
[SourceDate "2016.02.25"]
[SourceVersion "1"]
[SourceVersionDate "2016.02.25"]
[SourceQuality "1"]
[WhiteTeam "Zala Volan"]
[BlackTeam "Csuti Baki Agrocentrum"]
[WhiteTeamCountry "HUN"]
[BlackTeamCountry "HUN"]

1. c4 c5 2. Nc3 e6 3. Nf3 d5 4. cxd5 exd5 5. d4 Nc6 6. Bf4 Nf6 7. e3 Be6 8. Bb5 a6 9. Bxc6+ bxc6 10. 0-0 Bd6 11. Bxd6 Qxd6 12. h3 0-0 13. Rc1 c4 14. b3 cxb3 15. axb3 Rfb8 16. Na4 Nd7 17. Qc2 Rc8 18. Ne5 Nxe5 19. dxe5 Qb4 20. Nc5 a5 21. Ra1 h6 22. Ra4 Qb6 23. Rfa1 Rc7 24. Qd2 Qxc5 25. b4 Qe7 26. Rxa5 Rxa5 27. Rxa5 Ra7 28. Rc5 Qg5 29. f4 Qe7 30. Qc3 Bd7 31. g4 Qh4 32. e4 Ra2 33. Qe3 Bxg4 34. exd5 Bxh3 35. Rc3 Qg4+ 36. Kh1 Qg2# 0-1

[Event "HUN-chT2 Erkel 1516"]
[Site "Hungary"]
[Date "2015.11.08"]
[Round "4.7"]
[White "Todor, Attila"]
[Black "Kertesz, Zsolt"]
[Result "1/2-1/2"]
[WhiteElo "1985"]
[BlackElo "2098"]
[PlyCount "34"]
[EventDate "2015.09.13"]
[EventType "team-tourn"]
[EventRounds "11"]
[EventCountry "HUN"]
[SourceTitle "CBM 170 Extra"]
[Source "ChessBase"]
[SourceDate "2016.02.25"]
[SourceVersion "1"]
[SourceVersionDate "2016.02.25"]
[SourceQuality "1"]
[WhiteTeam "Paszto"]
[BlackTeam "HASE"]
[WhiteTeamCountry "HUN"]
[BlackTeamCountry "HUN"]

1. e4 g6 2. d4 Bg7 3. Nf3 d6 4. Bc4 Nf6 5. Nc3 0-0 6. 0-0 c6 7. Bb3 b5 8. a3 Qc7 9. Re1 Bb7 10. Bg5 h6 11. Bf4 Nh5 12. Be3 Nd7 13. Nh4 e6 14. d5 Nc5 15. Bxc5 dxc5 16. dxe6 c4 17. Ba2 Rad8 1/2-1/2

[Event "Budapest FS08 FM-A"]
[Site "Budapest"]
[Date "2015.08.06"]
[Round "6"]
[White "Bahzad, Zeealdeen Mawlud"]
[Black "Kertesz, Zsolt"]
[Result "0-1"]
[WhiteElo "2074"]
[BlackElo "2098"]
[PlyCount "94"]
[EventDate "2015.08.01"]
[EventType "tourn"]
[EventRounds "11"]
[EventCountry "HUN"]
[SourceTitle "CBM 167 Extra"]
[Source "ChessBase"]
[SourceDate "2015.09.14"]
[SourceVersion "1"]
[SourceVersionDate "2015.09.14"]
[SourceQuality "1"]

1. d4 Nf6 2. Nf3 g6 3. b3 Bg7 4. Bb2 0-0 5. e3 d6 6. Be2 Nbd7 7. 0-0 c5 8. c4 b6 9. Qc2 Bb7 10. Nc3 a6 11. h3 Rc8 12. d5 e5 13. dxe6 fxe6 14. Rad1 Qe7 15. Nh2 Rcd8 16. Bf3 Ne5 17. Bxb7 Qxb7 18. f4 Nc6 19. Nf3 d5 20. Ng5 Rfe8 21. Ne2 Qe7 22. Nf3 Ne4 23. Nc3 Nb4 24. Nxd5 exd5 25. Qb1 Nc3 26. Bxc3 Qxe3+ 27. Kh1 Qxc3 28. a3 Nc6 29. cxd5 Nd4 30. Nxd4 cxd4 31. f5 gxf5 32. Rxf5 Qg3 33. Rf3 Qg6 34. Qa2 Qe4 35. Qf2 Qxd5 36. Qg3 Qe5 37. Qg4 Qe6 38. Qh4 Qe7 39. Qg3 Qxa3 40. Qc7 Qc5 41. Qb7 Re7 42. Qxa6 Rde8 43. Rdf1 Re1 44. Qb7 Qb5 45. Kg1 d3 46. Qf7+ Kh8 47. Kh2 Rxf1 0-1